Регионална библиотека "Любен Каравелов" - Русе

Животинският свят на България (Запис номер 56786)

MARC детайли
000 -Лидер
Контролно поле с фиксирана дължина 01627nam a2200337 c 4500
003 - Код на организацията, давaща контролен номер
Контролно поле BLK
005 - Дата и час на последна редакция
Контролно поле 20210610163710.0
008 - Елементи от данни с фиксирана дължина
fixed length control field 180408b bul|||||r ||||||| ||bul||
010 ## - Наследен системен номер
LC control number KNG00060772000
040 ## - Източник на каталожния запис
Идентификатор на билиотеката - собственик на записа BLK
041 ## - Код за език
Код за езика на текст/звукозапис или на отделно заглавие Български
Код за езика КДБФ Български
080 ## - УДК
Текстов определител УДК Географско разпространение на животните. Зоогеография. Фауна. Подразделя се чрез определителите за място (Табл. Ie). Вж и 591.5
УДК код - определител по УДК 591.9
УДК определител (497.2)(048.8)
УДК - код + определител 591.9(497.2)(048.8)
100 1# - Редна дума - Автор
Автор Пешев, Цоло Христов
Авторска отговорност първи автор
R(LIN) 245904
139 ## - Редно поле
Редна дума Животинският свят на България
Авторски знак Живо - Ж 49
245 10 - Сведения за заглавието
Заглавие Животинският свят на България
Подзаглавни данни Науч. обзор
Редно поле (дума) Цоло Христов Пешев.
257 ## - Страна на издаване
Страна на създаване/издаване България
260 ## - Област на издателските данни
-- София
Име на издателя, разпространителя и проч. Наука и изкуство
Година на издаване 1984
300 ## - Физическа характеристика
Страници 252 с.
Илюстрации и др. с ил., 10 л. : цв. ил.
Размери/Мащаб 29 см
380 ## - Жанр
Жанр Естествени науки. Математика
500 ## - Общи забележки
Забележка Други авт. : Д. Божков, М. Йосифов, С. Симеонов, П. Коларов, Н. Йовчев. - 5 306 тир. - Съдържа 213 черно-бели и 30 цветни ил. - Съдържа: Указател на бълг. имена ; Указател на лат. имена
650 #4 - Допълнително описание по предмет – тема
Основно описание – тема или топоним Животни - България
9 (RLIN) 250508
651 #4 - Допълнително описание по предмет - топоним
Географско понятие България
9 (RLIN) 241624
653 ## - Ключова дума – ненормативна
Ключова дума животни
653 ## - Ключова дума – ненормативна
Ключова дума фауна
653 ## - Ключова дума – ненормативна
Ключова дума България
852 ## - Местоположение
Форматна сигнатура Цб ІІ 6574
856 4# - Електронен адрес и достъп
Електронен формат pdf - файл
Път до файла /url/
856 4# - Електронен адрес и достъп
Електронен формат pdf - файл
Път до файла /url/
942 ## - АРТИКУЛИ
Вид на библиотечния материал Книги
Скрит в OPAC Не
Koha issues (borrowed), all copies 2
944 ## - СЪЗДАВАНЕ И РЕДАКЦИЯ на ЗАПИСА
Създаване/Редакция Създаване
Дата на регистрацията/редакция 13.06.2004
Служител, извършил регистрацията/редакцията Милена_Ачева
944 ## - СЪЗДАВАНЕ И РЕДАКЦИЯ на ЗАПИСА
Създаване/Редакция Редакция
Дата на регистрацията/редакция 18.03.2013
Служител, извършил регистрацията/редакцията
999 ## - СИСТЕМНИ КОНТРОЛНИ НОМЕРА
Koha biblionumber 56786
Koha biblioitemnumber 56786
Наличности
Код за отписване Код за изгубен артикул Източник на класификационната схема Код за повреда Коз за рестрикции Код за отдаване Артикулен № Име на библиотеката - собственик Име на библиотеката, в която се намира в момента Статус (Текущо местоположение) Дата на вписване в системата Местоположение - отдел Цена в лева Инвентарен номер Систематично азбучна сигнатура Баркод Номер на екземпляра Цена в евро Служебна бележка Служебен тип на артикула
  Не е изгубен Universal Decimal Classification Не е повреден без рестрикции ползва се в читалня 90760 Регионална библиотека "Любен Каравелов" Русе Регионална библиотека "Любен Каравелов" Русе Хранилище 1984-01-01 Хранилище 6.88 413335 Цб ІІ 6574 120000413335 1 3.52 Дост: Dp Вид: Сф N: стар фонд Дата: 01.01.1984 Книги
Изтеглен Не е изгубен Universal Decimal Classification Не е повреден без рестрикции заемане за дома 90761 Регионална библиотека "Любен Каравелов" Русе Регионална библиотека "Любен Каравелов" Русе Заемна - подръчен фонд 1984-01-01 Заемна - подръчен фонд 0.68 412663 П 591/Ж 49 412663 2 0.35 Дост: Pk Вид: Сф N: стар фонд Дата: 01.01.1984 Книги
  Не е изгубен Universal Decimal Classification Не е повреден без рестрикции ползва се в читалня 90762 Регионална библиотека "Любен Каравелов" Русе Регионална библиотека "Любен Каравелов" Русе Читалня 1984-01-01 Читалня 6.68 412664 Ч 59/Ж 49 120000412664 3 3.42 Дост: Pk Вид: Сф N: стар фонд Дата: 01.01.1984 Дата инв: 17.03.2017 Бележки инв: Ч2017 Книги
Изтеглен Не е изгубен Universal Decimal Classification Не е повреден без рестрикции заемане за дома 90763 Регионална библиотека "Любен Каравелов" Русе Регионална библиотека "Любен Каравелов" Русе Детски отдел 1984-01-01 Детски отдел 6.68 413041 ДН 59/Ж 49 413041 4 3.42 Дост: Pk Вид: Сф N: стар фонд Дата: 01.01.1984 Дата инв: 19.08.2015 Бележки инв: Д2015 Книги
Vip Innovations Ltd, Rousse, Bulgaria 2025